000 00769cab a2200241 4500
001 WB3041-53
008 090401t1994 xxu||||| |||| 00| 0 eng d
035 _a(Sirsi) u27826
041 _aeng
245 _aLandmark case on council tax
260 _c1994
350 _a0
490 _aTimes
_v2 November 1994, 39(1)
520 _aThe Salvation Army has successfully appealed against the council tax banding of caretaker`s flat in its five-storey offices; this could lead to a reduction in council tax bills for people in mixed-use premises.
650 _aBANDING
650 _aCOUNCIL TAX
650 _aHERRING BAKER HARRIS
650 _aMIXED-USE PREMISES
690 _aRATING AND VALUATION
690 _aTAXATION
942 _n0
948 _c04/03/1997
999 _c18753
_d18753